000 00647nam a2200205 a 4500
005 20140311163017.0
008 070606s19uu xx 00 eng d
020 _a0071117407
050 _aHD 4928.N62
_b.M387 2006
100 _aMartocchio, Joseph J.
245 _aEmployee benefits :
_ba primer for Human Resource Professionals /
_cJoseph J. Martocchio
250 _a2nd ed.
260 _aU.S.A :
_bMcGraw-Hill Irwin,
_c2006.
300 _a354 p. :
_bill. ;
_c23 cm.
521 _aBSBA
650 _aEmployee fringe benefits
_xUnited States.
650 _aCompensation management
_xUnited States.
942 _cBK
_2lcc
_kFOR
999 _c39439
_d39439